15 Countries with the most Mexicans - Statistics

General Stats
  • This quiz has been taken 88 times
  • The average score is 12 of 15
Answer Stats
Mexicans Country % Correct
32,000,000+ United States
100%
130,000+ Canada
97%
16,000+ United Kingdom
97%
23,000+ Brazil
95%
40,000+ France
92%
62,000+ Spain
92%
8,000+ Argentina
91%
41,000+ Germany
87%
18,000+ Guatemala
87%
14,000+ Chile
84%
7,500+ Australia
72%
10,000+ Costa Rica
64%
8,000+ Netherlands
64%
10,000+ Bolivia
58%
8,000+ Switzerland
42%
No matching quizzes found
Score Distribution
Percent of People with Each Score
Percentile by Number Answered
Your Score History
You have not taken this quiz